| 000 | 01105nam a2200337 a 4500 | ||
|---|---|---|---|
| 001 | 000025696 | ||
| 003 | DO-SdBNP | ||
| 005 | 20170919120239.0 | ||
| 007 | 000025696 | ||
| 008 | 090916s2015 dr 000 0 spa d | ||
| 020 | _a9789945872217 | ||
| 040 |
_aBPMSU _bspa _cBPMSU |
||
| 082 |
_a330.97293 _bC829h |
||
| 100 | 1 | _aNG Cortiñas, Haivanjoe | |
| 245 | 1 | 0 |
_aHechos monetarios y fiscales / _cHaivanjoe NG Cortiñas. |
| 260 |
_aSanto Domingo : _bLuxe, _c2015. |
||
| 300 |
_a378 p. ; _c22 cm. |
||
| 500 | _aIncluye datos biográficos del autor | ||
| 505 |
_tParte 1 : Análisis de coyuntura -- _tParte 2 : Artículos de opinión -- |
||
| 651 |
_aREPÚBLICA DOMINICANA _xCONDICIONES ECONÓMICAS |
||
| 651 |
_aREPÚBLICA DOMINICANA _xPOLÍTICA ECONÓMICA |
||
| 651 |
_aREPÚBLICA DOMINICANA _xCONDICIONES SOCIALES |
||
| 930 | 1 |
_l _m _8 _f _p _g |
|
| 930 | 1 |
_l _m _8 _f _p _g _h |
|
| 942 |
_2ddc _cBK |
||
| 945 | _aInventariado / 2017 VM | ||
| 956 |
_a _b _c _l _h |
||
| 956 |
_a _b _c _l _h |
||
| 956 |
_aVMATEO _b10 _c20150806 _lBPMSU _h00151 |
||
| 956 | _aValidado. Control de calidad MFF | ||
| 999 |
_c8086 _d8086 |
||